000
00288nam a2200121Ia 4500
008
240112s1974 xx 000 0 und d
041
_a
eng
082
_a
616.05
100
_a
ROGERS D.E.
245
_a
YEAR BOOK OF MEDICINE
260
_b
YEAR BOOK OF MED.PUB.
_c
1974
300
_a
704,HB
999
_c
1140942
_d
1140942